Statistics for Hard Random Flags Quiz #1

Click here to take the quiz!

General Stats

  • This quiz has been taken 164 times
  • The average score is 12 of 15

Answer Stats

Answer% Correct
Poland
99%
Malta
96%
Indonesia
93%
Chile
89%
Bulgaria
87%
Ghana
84%
Haiti
83%
Cameroon
81%
Montenegro
81%
Guatemala
80%
Myanmar
79%
Uzbekistan
79%
Gabon
74%
Tajikistan
71%
Gambia
70%

Score Distribution

Percentile by Number Answered

Percent of People with Each Score

Your Score History

You have not taken this quiz